Technika bezdrôtovej optickej komunikácie FSO a jej využitie v praxi

Na minha lista:
Detalhes bibliográficos
Autor principal: Čech, Miroslav (Author)
Outros Autores: Orgoň, Miloš (Thesis advisor)
Formato: Manuscrito Livro
Idioma:eslovaco
Publicado em: Bratislava : STU v Bratislave FEI, 2023
Assuntos:
Acesso em linha:https://opac.crzp.sk/?fn=detailBiblioFormChildA28L5&sid=925BFB95FAA30F229197C7019F0C&seo=CRZP-detail-kniha
Tags: Adicionar Tag
Sem tags, seja o primeiro a adicionar uma tag!

MARC

LEADER 00000ntm a22000003a 4500
001 stuzp92290
003 SK-STU
005 20241120084328.6
007 ta
008 150427s2015----xo-----f-mn---000-0-slo-d
040 |a STU  |b slo 
041 0 |a slo 
044 |a xo 
100 1 |a Čech, Miroslav  |u 037000  |4 aut  |U FEI Fakulta elektrotechniky a informatiky  |T FEI Ústav multimediálnych informačných a komunikačných technológií  |X 111367  |U E070  |Y 818  |7 111367 
242 0 1 |a FSO wireless optical communication technology and its use in practice  |y eng 
245 1 0 |a Technika bezdrôtovej optickej komunikácie FSO a jej využitie v praxi 
260 |a Bratislava :  |b STU v Bratislave FEI,  |c 2023 
300 |a 40 s. 
650 4 |a Light Fidelity  |2 slo 
650 4 |a laserová komunikácia  |2 slo 
650 4 |a FSO  |2 slo 
650 4 |a Optická komunikácia voľným prostredím  |2 slo 
650 4 |a LiFi  |2 slo 
650 4 |a FSO  |2 eng 
650 4 |a LiFi  |2 eng 
650 4 |a Light Fidelity  |2 eng 
650 4 |a Free-Space Optical Communication  |2 eng 
650 4 |a laser communication  |2 eng 
700 1 |a Orgoň, Miloš  |u 037000  |k Z1  |4 ths  |U FEI Fakulta elektrotechniky a informatiky  |T FEI Ústav multimediálnych informačných a komunikačných technológií  |X 2184  |U E070  |Y 818  |7 A000002184 
856 4 |u https://opac.crzp.sk/?fn=detailBiblioFormChildA28L5&sid=925BFB95FAA30F229197C7019F0C&seo=CRZP-detail-kniha